Five Letter Geography - E - Statistics

General Stats
  • This quiz has been taken 90 times
    72 since last reset
  • The average score is 6 of 10
Answer Stats
Hint Answer % Correct
National Animal of the US: Bald ____ Eagle
99%
Planet the country above is in Earth
99%
Country in Northern Africa Egypt
99%
Large city in Germany Essen
73%
New York Island where immigrants went Ellis
72%
What volcanoes sometimes do Erode
70%
What water does to rocks like limestone Erode
70%
A hard, black colored wood Ebony
64%
Power management company in Dublin Eaton
1%
742.5-meter tall mountain in Hesse, DE Emmet
1%
No matching quizzes found
Score Distribution
Percent of People with Each Score
Percentile by Number Answered
Your Score History
You have not taken this quiz since the last reset